| 000 | 00596nam a2200241Ia 4500 | ||
|---|---|---|---|
| 008 | 171025s9999 xx 000 0 und d | ||
| 020 | _a9710807838 | ||
| 050 | _a516.2 | ||
| 050 | _bR457 2007 | ||
| 100 | _aReyes, Edgardo | ||
| 245 | _aPlane trigonometry : | ||
| 245 | _bsimplified and integrated / | ||
| 245 | _cby Edgardo A. Reyes. | ||
| 260 | _aPhilippines : | ||
| 260 | _bNational Book Store, | ||
| 260 | _c2007 | ||
| 300 | _a241 pages : | ||
| 300 | _billustrations ; | ||
| 300 | _c21cm. | ||
| 500 | _aIncludes index. | ||
| 650 | _aTrigonometry, Plane. | ||
| 700 | _aTitle. | ||
| 999 |
_c344602 _d344602 |
||